[Event "NB II. Erkel csoport"]
[Site "Budapest"]
[Date "2024.05.12"]
[Round "9.1"]
[White "Sagi, Bence"]
[Black "Szabo, Zsolt"]
[Result "1-0"]
[WhiteElo "2192"]
[BlackElo "2230"]
[PlyCount "89"]
[EventDate "2023.10.08"]
[EventType "team-tourn"]
[EventRounds "9"]
[EventCountry "HUN"]
[Source "chess.hu"]
[WhiteTeam "Fot SE-LearningChess"]
[BlackTeam "HASE"]
[WhiteTeamCountry "HUN"]
[BlackTeamCountry "HUN"]

1. d4 d5 2. Bf4 c5 3. e3 Nc6 4. c3 Qb6 5. Qb3 c4 6. Qc2 e5 7. Bxe5 Bf5 8. Qc1
Nxe5 9. dxe5 f6 10. e6 Bc5 11. Nf3 Ne7 12. Nbd2 O-O 13. b4 cxb3 14. axb3 Rac8
15. Qb2 Qxe6 16. Be2 Rfd8 17. O-O Kh8 18. Rfc1 Bg6 19. Nd4 Qb6 20. b4 Bd6 21.
N2f3 Be4 22. Nd2 Bg6 23. N2f3 Be4 24. Nd2 Bg6 25. Bg4 f5 26. Bf3 Be5 27. g3 Bf7
28. N2b3 Bb8 29. Ra5 Qf6 30. Rc5 b6 31. Rxc8 Rxc8 32. Qa2 Rd8 33. Nb5 Nc6 34.
N3d4 Ne5 35. Bg2 Rd7 36. Ra1 Nc4 37. Qa6 g6 38. Qc8+ Rd8 39. Qb7 a5 40. Nc6 Be8
41. Nxd8 Qxd8 42. Nd4 a4 43. Qxd5 Qxd5 44. Bxd5 Nb2 45. Bc6 1-0

[Event "NB II. Erkel csoport"]
[Site "Budapest"]
[Date "2024.05.12"]
[Round "9.2"]
[White "Nagy, Ervin Dr"]
[Black "Bravin, Alexey"]
[Result "0-1"]
[WhiteElo "2187"]
[BlackElo "2049"]
[PlyCount "96"]
[EventDate "2023.10.08"]
[EventType "team-tourn"]
[EventRounds "9"]
[EventCountry "HUN"]
[Source "chess.hu"]
[WhiteTeam "HASE"]
[BlackTeam "Fot SE-LearningChess"]
[WhiteTeamCountry "HUN"]
[BlackTeamCountry "HUN"]

1. Nf3 Nf6 2. g3 c5 3. Bg2 Nc6 4. O-O g6 5. c4 Bg7 6. d4 cxd4 7. Nxd4 Qb6 8.
Nb3 d6 9. Nc3 O-O 10. Be3 Qd8 11. h3 Be6 12. Nd5 Rc8 13. Rc1 b6 14. Nd2 Nd7 15.
b3 Bxd5 16. cxd5 Nb4 17. a3 Na2 18. Rxc8 Qxc8 19. Nb1 Nc3 20. Qc2 Nxb1 21. Qxb1
Qa6 22. Qa2 Rc8 23. Rc1 Rxc1+ 24. Bxc1 Qc8 25. Bd2 Kf8 26. h4 Nf6 27. b4 Qc7
28. Qb3 b5 29. Kf1 Nd7 30. Ke1 Nb6 31. Kd1 Qc4 32. Qxc4 Nxc4 33. Bc1 Bb2 34.
Bxb2 Nxb2+ 35. Kc2 Na4 36. Be4 Nb6 37. Kc3 a6 38. Kd4 Ke8 39. h5 Kd7 40. f4 f5
41. Bd3 Ke8 42. h6 Kf7 43. e4 Kf6 44. e5+ Kf7 45. Be2 Na4 46. g4 fxg4 47. Bxg4
Nb6 48. Be6+ Kf8 0-1

[Event "NB II. Erkel csoport"]
[Site "Budapest"]
[Date "2024.05.12"]
[Round "9.3"]
[White "Gubics, Peter"]
[Black "Koczka, Zsolt"]
[Result "1/2-1/2"]
[WhiteElo "1986"]
[BlackElo "2139"]
[PlyCount "25"]
[EventDate "2023.10.08"]
[EventType "team-tourn"]
[EventRounds "9"]
[EventCountry "HUN"]
[Source "chess.hu"]
[WhiteTeam "Fot SE-LearningChess"]
[BlackTeam "HASE"]
[WhiteTeamCountry "HUN"]
[BlackTeamCountry "HUN"]

1. c4 e6 2. g3 d5 3. Bg2 Nf6 4. d4 Be7 5. Nf3 O-O 6. O-O b6 7. Qc2 Bb7 8. Nbd2
c5 9. dxc5 bxc5 10. Ne5 Nc6 11. Nxc6 Bxc6 12. Rd1 Qb6 13. b3 1/2-1/2

[Event "NB II. Erkel csoport"]
[Site "Budapest"]
[Date "2024.05.12"]
[Round "9.4"]
[White "Kovacs, Klara"]
[Black "Bokros, Istvan"]
[Result "1-0"]
[WhiteElo "2070"]
[BlackElo "1971"]
[PlyCount "101"]
[EventDate "2023.10.08"]
[EventType "team-tourn"]
[EventRounds "9"]
[EventCountry "HUN"]
[Source "chess.hu"]
[WhiteTeam "HASE"]
[BlackTeam "Fot SE-LearningChess"]
[WhiteTeamCountry "HUN"]
[BlackTeamCountry "HUN"]

1. d4 d5 2. Nf3 Nf6 3. g3 b5 4. a4 b4 5. c3 e6 6. Bg2 Bb7 7. O-O Nbd7 8. Qb3 a5
9. Bd2 c5 10. Qd1 Qb6 11. Bg5 Ne4 12. Bf4 Be7 13. h4 O-O 14. Ne5 Nxe5 15. dxe5
c4 16. h5 Bc5 17. e3 Be7 18. Qg4 f5 19. exf6 Nxf6 20. Qe2 Bd6 21. h6 Bxf4 22.
hxg7 Kxg7 23. exf4 Rae8 24. Qe5 Kf7 25. Nd2 Rg8 26. Nf3 Rxg3 27. Ng5+ Ke7 28.
Rae1 Ne4 29. Kh2 Rxg5 30. fxg5 Qd6 31. Qxd6+ Kxd6 32. Bxe4 dxe4 33. Rd1+ Bd5
34. Rfe1 Rf8 35. Rd2 Ke5 36. Re3 Kf4 37. Rg3 Rf5 38. Rd4 Rxg5 39. Rxg5 Kxg5 40.
cxb4 axb4 41. a5 c3 42. bxc3 bxc3 43. Rd1 Kf4 44. Rc1 e3 45. fxe3+ Kxe3 46.
Rxc3+ Kd4 47. Rc7 e5 48. a6 Ke3 49. Rxh7 e4 50. Kg3 Ke2 51. Kf4 1-0

[Event "NB II. Erkel csoport"]
[Site "Budapest"]
[Date "2024.05.12"]
[Round "9.5"]
[White "Dancs, Zsolt"]
[Black "Kovacs, Judit"]
[Result "1/2-1/2"]
[WhiteElo "2038"]
[BlackElo "2059"]
[PlyCount "74"]
[EventDate "2023.10.08"]
[EventType "team-tourn"]
[EventRounds "9"]
[EventCountry "HUN"]
[Source "chess.hu"]
[WhiteTeam "Fot SE-LearningChess"]
[BlackTeam "HASE"]
[WhiteTeamCountry "HUN"]
[BlackTeamCountry "HUN"]

1. e4 c5 2. Nf3 e6 3. d4 cxd4 4. Nxd4 a6 5. a4 Nf6 6. Nc3 Qc7 7. Bd3 Bc5 8. Be3
d6 9. O-O e5 10. Nf5 Bxf5 11. Bxc5 Bg4 12. Nd5 Qc8 13. Qd2 Nxd5 14. Bxd6 Nf6
15. Bxe5 Qe6 16. Bd6 Nc6 17. e5 O-O-O 18. f4 g6 19. b4 Rxd6 20. exd6 Nd5 21. b5
Ncb4 22. bxa6 bxa6 23. Rae1 Qxd6 24. c4 Ne7 25. c5 Qd4+ 26. Kh1 Nec6 27. Re3
Rd8 28. h3 Be6 29. Rd1 Bc4 30. Bxc4 Qxd2 31. Rxd2 Rxd2 32. Bxf7 Nd3 33. Re8+
Kc7 34. Rh8 Nxf4 35. Rxh7 Ne5 36. Bxg6+ Kc6 37. Be4+ Kxc5 1/2-1/2

[Event "NB II. Erkel csoport"]
[Site "Budapest"]
[Date "2024.05.12"]
[Round "9.6"]
[White "Murin, Janos"]
[Black "Piroska, Istvan"]
[Result "1/2-1/2"]
[WhiteElo "2037"]
[BlackElo "1953"]
[PlyCount "80"]
[EventDate "2023.10.08"]
[EventType "team-tourn"]
[EventRounds "9"]
[EventCountry "HUN"]
[Source "chess.hu"]
[WhiteTeam "HASE"]
[BlackTeam "Fot SE-LearningChess"]
[WhiteTeamCountry "HUN"]
[BlackTeamCountry "HUN"]

1. e4 e5 2. Nf3 Nc6 3. Bb5 Nf6 4. d3 Bc5 5. O-O Nd4 6. Nxd4 Bxd4 7. c3 Bb6 8.
Nd2 c6 9. Ba4 O-O 10. Nf3 d5 11. Qe2 Bg4 12. h3 Bh5 13. Bg5 h6 14. Bxf6 Qxf6
15. g4 dxe4 16. dxe4 Bg6 17. Bc2 Rad8 18. Kg2 h5 19. Rad1 hxg4 20. hxg4 Qe6 21.
Kg3 Qxa2 22. Bd3 Qe6 23. Rh1 Qf6 24. Rh3 Qf4+ 25. Kg2 Rxd3 26. Rdh1 f6 27. Qxd3
Qxg4+ 28. Kf1 Kf7 29. Rh4 Qe6 30. Rg1 Rd8 31. Qe2 Rg8 32. Rh2 Qa2 33. Ne1 f5
34. Nd3 Bc7 35. Qf3 f4 36. Rxg6 Kxg6 37. Nxe5+ Bxe5 38. Qh5+ Kf6 39. Qf5+ Ke7
40. Qxe5+ Qe6 1/2-1/2

[Event "NB II. Erkel csoport"]
[Site "Budapest"]
[Date "2024.05.12"]
[Round "9.7"]
[White "Meszaros, Matyas"]
[Black "Hangay, Oliver"]
[Result "0-1"]
[WhiteElo "2022"]
[BlackElo "2065"]
[PlyCount "46"]
[EventDate "2023.10.08"]
[EventType "team-tourn"]
[EventRounds "9"]
[EventCountry "HUN"]
[Source "chess.hu"]
[WhiteTeam "Fot SE-LearningChess"]
[BlackTeam "HASE"]
[WhiteTeamCountry "HUN"]
[BlackTeamCountry "HUN"]

1. d4 Nf6 2. Nc3 d5 3. Bf4 c5 4. e3 cxd4 5. exd4 a6 6. Nf3 Nc6 7. h3 Bd7 8. a3
e6 9. Bd3 Qb6 10. O-O Nxd4 11. Ne5 Nc6 12. Nxd7 Nxd7 13. b4 Be7 14. Qg4 Bf6 15.
Nxd5 exd5 16. Rae1+ Ne7 17. Bf5 O-O-O 18. c4 h5 19. cxd5 hxg4 20. Rxe7 Bxe7 21.
Rc1+ Bc5 22. Rxc5+ Qxc5 23. bxc5 g6 0-1

[Event "NB II. Erkel csoport"]
[Site "Budapest"]
[Date "2024.05.12"]
[Round "9.8"]
[White "Minga-Nagy, Abel Inti"]
[Black "Pallagi, Janos"]
[Result "1/2-1/2"]
[WhiteElo "1943"]
[BlackElo "2005"]
[PlyCount "96"]
[EventDate "2023.10.08"]
[EventType "team-tourn"]
[EventRounds "9"]
[EventCountry "HUN"]
[Source "chess.hu"]
[WhiteTeam "HASE"]
[BlackTeam "Fot SE-LearningChess"]
[WhiteTeamCountry "HUN"]
[BlackTeamCountry "HUN"]

1. e4 e5 2. Nf3 Nf6 3. Bc4 Nc6 4. d4 exd4 5. e5 d5 6. Bb5 Ne4 7. Nxd4 Bd7 8.
Bxc6 bxc6 9. O-O Bc5 10. f3 Ng5 11. f4 Ne4 12. Be3 O-O 13. Nd2 Bxd4 14. Bxd4
Nxd2 15. Qxd2 Bf5 16. Rf3 Re8 17. Rg3 h6 18. Re1 Re6 19. Bf2 Qe7 20. b4 a6 21.
c3 Re8 22. a4 Rg6 23. Rxg6 Bxg6 24. Re3 Qd7 25. Re1 Qf5 26. h3 h5 27. Kh1 Qd3
28. Qxd3 Bxd3 29. Bd4 Re6 30. Re3 Be4 31. Rg3 Kf8 32. Kg1 Rg6 33. Rxg6 Bxg6 34.
g4 hxg4 35. hxg4 Bc2 36. a5 g5 37. f5 Bd1 38. f6 Bxg4 39. Be3 Ke8 40. Bxg5 Kd7
41. Be3 Ke6 42. Bd4 Be2 43. Kf2 Bb5 44. Ke3 Kf5 45. Kf3 Bc4 46. Kg3 Bb5 47. Kh4
Be2 48. Kg3 Bb5 1/2-1/2

[Event "NB II. Erkel csoport"]
[Site "Budapest"]
[Date "2024.05.12"]
[Round "9.9"]
[White "Andreeva, Elena"]
[Black "Schreuder Peters, Misja"]
[Result "1/2-1/2"]
[WhiteElo "1970"]
[BlackElo "1914"]
[PlyCount "46"]
[EventDate "2023.10.08"]
[EventType "team-tourn"]
[EventRounds "9"]
[EventCountry "HUN"]
[Source "chess.hu"]
[WhiteTeam "Fot SE-LearningChess"]
[BlackTeam "HASE"]
[WhiteTeamCountry "HUN"]
[BlackTeamCountry "HUN"]

1. e4 c5 2. Nf3 d6 3. d4 cxd4 4. Nxd4 Nf6 5. Nc3 a6 6. Bg5 e6 7. f4 h6 8. Bh4
Qb6 9. Qd2 Qxb2 10. Rb1 Qa3 11. Be2 Be7 12. Bf2 Qa5 13. O-O Nbd7 14. Rb2 Qc7
15. Bf3 Nc5 16. Nb3 Ncd7 17. a4 Rb8 18. Rfb1 b6 19. Nc1 O-O 20. Nd3 Bb7 21.
Bxb6 Nxb6 22. Rxb6 Nd7 23. R6b3 Ba8 1/2-1/2

[Event "NB II. Erkel csoport"]
[Site "Budapest"]
[Date "2024.05.12"]
[Round "9.10"]
[White "Csetneki, Mark"]
[Black "Harkanyi, Adam"]
[Result "1-0"]
[WhiteElo "1873"]
[BlackElo "1888"]
[PlyCount "43"]
[EventDate "2023.10.08"]
[EventType "team-tourn"]
[EventRounds "9"]
[EventCountry "HUN"]
[Source "chess.hu"]
[WhiteTeam "HASE"]
[BlackTeam "Fot SE-LearningChess"]
[WhiteTeamCountry "HUN"]
[BlackTeamCountry "HUN"]

1. d4 Nf6 2. c4 e6 3. Nc3 Bb4 4. Nf3 c5 5. g3 cxd4 6. Nxd4 O-O 7. Bg2 d5 8.
cxd5 Nxd5 9. Bd2 Bxc3 10. bxc3 Nc6 11. Nxc6 bxc6 12. c4 Nf6 13. Bb4 Ba6 14.
Bxf8 Qxf8 15. Qa4 Rb8 16. O-O Rb6 17. Rab1 Qc5 18. Rxb6 Qxb6 19. Qb3 c5 20. Rb1
Bxc4 21. Qc2 Bb5 22. a4 1-0

[Event "NB II. Erkel csoport"]
[Site "Budapest"]
[Date "2024.05.12"]
[Round "9.12"]
[White "Kozma, Edit"]
[Black "Schmelowszky, David"]
[Result "1/2-1/2"]
[WhiteElo "1886"]
[BlackElo "1796"]
[PlyCount "72"]
[EventDate "2023.10.08"]
[EventType "team-tourn"]
[EventRounds "9"]
[EventCountry "HUN"]
[Source "chess.hu"]
[WhiteTeam "HASE"]
[BlackTeam "Fot SE-LearningChess"]
[WhiteTeamCountry "HUN"]
[BlackTeamCountry "HUN"]

1. e4 c5 2. Nf3 Nc6 3. Bb5 g6 4. O-O Bg7 5. c3 e6 6. d4 cxd4 7. cxd4 Qb6 8.
Bxc6 bxc6 9. e5 Ne7 10. Nc3 Nd5 11. Nxd5 cxd5 12. b3 d6 13. Bf4 dxe5 14. Bxe5
f6 15. Bf4 Bd7 16. Qd2 O-O 17. Rac1 Rac8 18. h4 h5 19. Rfe1 Rfe8 20. Bh6 Kh7
21. Bxg7 Kxg7 22. Rxc8 Rxc8 23. Rc1 Rxc1+ 24. Qxc1 Qa5 25. Qc2 Qb6 26. Qc3 a5
27. a3 Kf7 28. b4 axb4 29. axb4 Qc6 30. Qxc6 Bxc6 31. Kf1 Ke7 32. Ke2 Kd6 33.
Kd3 e5 34. Ke3 Bb5 35. g3 Bc6 36. Ne1 Bb5 1/2-1/2

[Event "NB II. Erkel csoport"]
[Site "Budapest"]
[Date "2024.05.12"]
[Round "9.1"]
[White "Reviczki, Roland"]
[Black "Erdelyi, Zombor"]
[Result "1-0"]
[WhiteElo "2218"]
[BlackElo "2283"]
[PlyCount "61"]
[EventDate "2023.10.08"]
[EventType "team-tourn"]
[EventRounds "9"]
[EventCountry "HUN"]
[Source "chess.hu"]
[WhiteTeam "TFSE"]
[BlackTeam "HUSI SC"]
[WhiteTeamCountry "HUN"]
[BlackTeamCountry "HUN"]

1. e4 c5 2. Nf3 d6 3. d4 cxd4 4. Nxd4 Nf6 5. Nc3 a6 6. Be3 e5 7. Nb3 Be7 8. f3
Be6 9. Qd2 O-O 10. O-O-O Nbd7 11. g4 b5 12. g5 Ne8 13. Nd5 Bxd5 14. exd5 b4 15.
Kb1 a5 16. Bb5 a4 17. Nc1 Nc5 18. Rhg1 Qa5 19. Bc6 Rb8 20. Rg4 f5 21. Rc4 f4
22. Bxc5 dxc5 23. Bxe8 Rfxe8 24. d6 Bxg5 25. Qd5+ Kh8 26. d7 Red8 27. Nd3 Bf6
28. Nxe5 Bxe5 29. Qxe5 Qb5 30. Rxc5 Rxd7 31. Re1 1-0

[Event "NB II. Erkel csoport"]
[Site "Budapest"]
[Date "2024.05.12"]
[Round "9.2"]
[White "Biro, David"]
[Black "Laszlo, Csaba"]
[Result "1/2-1/2"]
[WhiteElo "2254"]
[BlackElo "2075"]
[PlyCount "80"]
[EventDate "2023.10.08"]
[EventType "team-tourn"]
[EventRounds "9"]
[EventCountry "HUN"]
[Source "chess.hu"]
[WhiteTeam "HUSI SC"]
[BlackTeam "TFSE"]
[WhiteTeamCountry "HUN"]
[BlackTeamCountry "HUN"]

1. g3 d5 2. Bg2 Nf6 3. d3 e6 4. Nf3 Bd6 5. O-O O-O 6. Re1 e5 7. e4 dxe4 8. dxe4
Qe7 9. c3 Nbd7 10. Qc2 Rd8 11. Nbd2 c6 12. Nc4 Bc7 13. b3 Nc5 14. Ba3 b5 15.
Ne3 g6 16. c4 Bd6 17. Bb2 b4 18. Rad1 Bb7 19. Nh4 Bc7 20. h3 Rxd1 21. Rxd1 Rd8
22. Ng4 Nxg4 23. hxg4 Bc8 24. f3 Rxd1+ 25. Qxd1 Qd7 26. Qxd7 Bxd7 27. Bc1 Nd3
28. Bg5 Kg7 29. Kf1 f6 30. Bd2 a5 31. Ke2 Nc5 32. Be3 Ne6 33. Kd3 c5 34. Bf1
Nd4 35. Be2 Bd6 36. Bd1 g5 37. Ng2 Ne6 38. Bd2 Nd4 39. Ne3 Be7 40. Nd5 Bd8
1/2-1/2

[Event "NB II. Erkel csoport"]
[Site "Budapest"]
[Date "2024.05.12"]
[Round "9.3"]
[White "Suto, Gabor"]
[Black "Fendrik, Lajos"]
[Result "1/2-1/2"]
[WhiteElo "2149"]
[BlackElo "2118"]
[PlyCount "154"]
[EventDate "2023.10.08"]
[EventType "team-tourn"]
[EventRounds "9"]
[EventCountry "HUN"]
[Source "chess.hu"]
[WhiteTeam "TFSE"]
[BlackTeam "HUSI SC"]
[WhiteTeamCountry "HUN"]
[BlackTeamCountry "HUN"]

1. d4 Nf6 2. c4 g6 3. Nc3 d5 4. cxd5 Nxd5 5. e4 Nxc3 6. bxc3 Bg7 7. Bc4 c5 8.
Ne2 O-O 9. h4 Nc6 10. Be3 Qa5 11. Kf1 h5 12. Qc1 Rd8 13. Qb2 a6 14. Qb3 e6 15.
dxc5 Bf8 16. Qb6 Qa3 17. f3 Bd7 18. Kf2 Ne5 19. Qb3 Bxc5 20. Qxa3 Bxa3 21. Bb3
Nd3+ 22. Kg3 Bd6+ 23. Kh3 Bc5 24. Bxc5 Nxc5 25. Rhd1 e5+ 26. Kg3 Bc6 27. Bd5
Ba4 28. Rdb1 Bc6 29. c4 Rac8 30. Rb6 Rc7 31. Nc3 Rdc8 32. Rab1 Kf8 33. Bxc6
Rxc6 34. Nd5 Rxb6 35. Rxb6 Re8 36. Kf2 Re6 37. Rb1 Rc6 38. Ke3 Kg7 39. g3 Ne6
40. Kd3 Nc5+ 41. Ke3 Ne6 42. Kd3 Rc5 43. Nc3 Ra5 44. a4 Nc5+ 45. Ke3 Nxa4 46.
Nxa4 Rxa4 47. Rxb7 Rxc4 48. Re7 Kf6 49. Ra7 Ra4 50. f4 Ra3+ 51. Kf2 Ke6 52.
fxe5 a5 53. Kg2 a4 54. Ra5 Ra2+ 55. Kf3 a3 56. Kf4 Ra1 57. Ra6+ Ke7 58. Ra7+
Ke6 59. Ra6+ Kd7 60. e6+ fxe6 61. Ke5 a2 62. Ra7+ Kc6 63. Kxe6 Kc5 64. e5 Kd4
65. Ra5 Ke4 66. Ke7 Rg1 67. Rxa2 Kxe5 68. Ra5+ Ke4 69. Rg5 Kf3 70. Kf6 Rxg3 71.
Kxg6 Rg4 72. Kxh5 Ra4 73. Rg1 Ra6 74. Rf1+ Kg3 75. Kg5 Ra5+ 76. Rf5 Rxf5+ 77.
Kxf5 Kxh4 1/2-1/2

[Event "NB II. Erkel csoport"]
[Site "Budapest"]
[Date "2024.05.12"]
[Round "9.4"]
[White "Feher, Botond"]
[Black "Gabula, Adam"]
[Result "1/2-1/2"]
[WhiteElo "2162"]
[BlackElo "1980"]
[PlyCount "111"]
[EventDate "2023.10.08"]
[EventType "team-tourn"]
[EventRounds "9"]
[EventCountry "HUN"]
[Source "chess.hu"]
[WhiteTeam "HUSI SC"]
[BlackTeam "TFSE"]
[WhiteTeamCountry "HUN"]
[BlackTeamCountry "HUN"]

1. c4 e6 2. g3 d5 3. Bg2 Nf6 4. Nf3 Be7 5. O-O O-O 6. d4 dxc4 7. Ne5 Nc6 8.
Nxc6 bxc6 9. Nc3 Rb8 10. Qa4 Qxd4 11. Be3 Qe5 12. Qxa7 Rb7 13. Qa4 Rb4 14. Qc2
Nd5 15. Bd2 Rb8 16. a3 Bd6 17. Kh1 Bb7 18. f4 Qh5 19. e4 Nf6 20. h3 Bc5 21. e5
Nd5 22. Ne4 Bd4 23. g4 Qh4 24. f5 c5 25. fxe6 fxe6 26. Bg5 Ne3 27. Qe2 Bxe4 28.
Rxf8+ Rxf8 29. Bxh4 Bxg2+ 30. Kh2 Bxe5+ 31. Bg3 Bd4 32. a4 Rf6 33. a5 Rh6 34.
h4 Rf6 35. g5 Rf8 36. a6 Bf3 37. Qd2 Ba8 38. Kh3 Rf3 39. a7 Nf5 40. Qg2 Rxg3+
41. Qxg3 Nxg3 42. Kxg3 Bxb2 43. Ra5 Kf8 44. Rxc5 Ke8 45. Rxc4 Be5+ 46. Kg4 Kd7
47. Rb4 c5 48. Rb8 Bd5 49. a8=Q Bxa8 50. Rxa8 Kc6 51. Rh8 c4 52. Kf3 Kc5 53.
Rxh7 Kd4 54. Rh8 Kd3 55. h5 c3 56. Rd8+ 1/2-1/2

[Event "NB II. Erkel csoport"]
[Site "Budapest"]
[Date "2024.05.12"]
[Round "9.5"]
[White "Biro, Zsolt"]
[Black "Feher, Tamas"]
[Result "1/2-1/2"]
[WhiteElo "1924"]
[BlackElo "2105"]
[PlyCount "58"]
[EventDate "2023.10.08"]
[EventType "team-tourn"]
[EventRounds "9"]
[EventCountry "HUN"]
[Source "chess.hu"]
[WhiteTeam "TFSE"]
[BlackTeam "HUSI SC"]
[WhiteTeamCountry "HUN"]
[BlackTeamCountry "HUN"]

1. e4 c5 2. Nf3 g6 3. d4 cxd4 4. Qxd4 Nf6 5. e5 Nc6 6. Qf4 Nd5 7. Qe4 Ndb4 8.
Bb5 a6 9. Ba4 b5 10. Bb3 d5 11. exd6 Bf5 12. Qe2 Qxd6 13. O-O Na5 14. Rd1 Qc7
15. Ne5 Nxb3 16. axb3 Bg7 17. Bf4 O-O 18. c3 Nc6 19. Nxc6 Qxc6 20. Na3 Qe6 21.
Qxe6 Bxe6 22. b4 Bb3 23. Rd2 e5 24. Be3 Rfd8 25. Nb1 Bc2 26. Bb6 Rxd2 27. Nxd2
Bh6 28. Nf3 f6 29. Ne1 Bb3 1/2-1/2

[Event "NB II. Erkel csoport"]
[Site "Budapest"]
[Date "2024.05.12"]
[Round "9.6"]
[White "Horvath, Antal Jr"]
[Black "Gyorfi, Adam"]
[Result "1-0"]
[WhiteElo "2029"]
[BlackElo "2023"]
[PlyCount "57"]
[EventDate "2023.10.08"]
[EventType "team-tourn"]
[EventRounds "9"]
[EventCountry "HUN"]
[Source "chess.hu"]
[WhiteTeam "HUSI SC"]
[BlackTeam "TFSE"]
[WhiteTeamCountry "HUN"]
[BlackTeamCountry "HUN"]

1. e4 c5 2. Nf3 d6 3. d4 cxd4 4. Nxd4 Nf6 5. Nc3 g6 6. Be3 Bg7 7. f3 O-O 8. Qd2
Nc6 9. Bc4 Bd7 10. O-O-O Ne5 11. Be2 Rc8 12. Bh6 Nc4 13. Bxc4 Rxc4 14. Bxg7
Kxg7 15. g4 Qa5 16. Nb3 Qa6 17. Kb1 Rfc8 18. e5 Ne8 19. h4 h6 20. Rhg1 Ba4 21.
f4 b5 22. Rc1 e6 23. h5 dxe5 24. hxg6 fxg6 25. fxe5 Qb6 26. Rh1 g5 27. Qd7+ Kg8
28. Rxh6 Rf4 29. Rch1 1-0

[Event "NB II. Erkel csoport"]
[Site "Budapest"]
[Date "2024.05.12"]
[Round "9.7"]
[White "Molnar, Gabor"]
[Black "Vitalyos, Marton"]
[Result "1-0"]
[WhiteElo "1989"]
[BlackElo "2051"]
[PlyCount "99"]
[EventDate "2023.10.08"]
[EventType "team-tourn"]
[EventRounds "9"]
[EventCountry "HUN"]
[Source "chess.hu"]
[WhiteTeam "TFSE"]
[BlackTeam "HUSI SC"]
[WhiteTeamCountry "HUN"]
[BlackTeamCountry "HUN"]

1. d4 e6 2. Nc3 d5 3. Bf4 Nf6 4. e3 a6 5. Bd3 c5 6. dxc5 Bxc5 7. Nf3 Nc6 8. O-O
Qe7 9. Bg5 h6 10. Bh4 g5 11. Bg3 e5 12. e4 d4 13. Nd5 Qd6 14. Re1 Bg4 15. a3
O-O 16. Nxf6+ Qxf6 17. Be2 Be6 18. Rf1 Qg7 19. h4 f6 20. Bd3 Bg4 21. Be2 Rae8
22. Qd3 Be6 23. Rae1 Kh8 24. Nd2 Ne7 25. Bh5 Rc8 26. Kh2 Rg8 27. hxg5 hxg5 28.
Rh1 Rgf8 29. Kg1 Kg8 30. f3 b5 31. Bf2 Ng6 32. g3 Kf7 33. Kg2 Ke7 34. Bxg6 Qxg6
35. Rh2 Rh8 36. Reh1 Rxh2+ 37. Rxh2 Bd6 38. Rh1 g4 39. fxg4 Bxg4 40. Nf3 Be6
41. Nh4 Qg4 42. Nf5+ Bxf5 43. exf5 Kd7 44. Rh7+ Be7 45. c3 Rg8 46. cxd4 exd4
47. Bxd4 Ke8 48. Qe3 Rg7 49. Rxg7 Qxg7 50. Bc5 1-0

[Event "NB II. Erkel csoport"]
[Site "Budapest"]
[Date "2024.05.12"]
[Round "9.8"]
[White "Tegzes, Laszlo"]
[Black "Csalami, Gabor"]
[Result "1/2-1/2"]
[WhiteElo "1970"]
[BlackElo "1953"]
[PlyCount "124"]
[EventDate "2023.10.08"]
[EventType "team-tourn"]
[EventRounds "9"]
[EventCountry "HUN"]
[Source "chess.hu"]
[WhiteTeam "HUSI SC"]
[BlackTeam "TFSE"]
[WhiteTeamCountry "HUN"]
[BlackTeamCountry "HUN"]

1. e4 e6 2. d4 d5 3. Bd3 Nf6 4. e5 Nfd7 5. Nf3 c5 6. c3 Nc6 7. O-O cxd4 8. cxd4
Qb6 9. Bc2 f6 10. exf6 Nxf6 11. Nc3 Bd6 12. b3 O-O 13. Bg5 Bd7 14. Rc1 Be8 15.
Qe2 Bf7 16. Rfd1 Rae8 17. Bxf6 gxf6 18. Qe3 Kg7 19. Nh4 Ne7 20. Qh3 Ng6 21.
Nxg6 hxg6 22. Qf3 Rh8 23. h3 Rh4 24. Na4 Qd8 25. Nc5 Re7 26. Bb1 Bb8 27. Rc3 g5
28. g4 Qd6 29. Qg2 b5 30. Nd3 Bg6 31. Ne1 Rc7 32. Rxc7+ Qxc7 33. Nf3 Rh8 34.
Bxg6 Kxg6 35. Re1 Kf7 36. Qf1 Qd7 37. Kg2 Bf4 38. Qd3 a6 39. Re2 Kg7 40. Rc2
Rc8 41. Ne1 Rc7 42. Rxc7 Qxc7 43. Qc2 Qxc2 44. Nxc2 Bd2 45. Kf3 Kf7 46. Ke2 Ba5
47. Ne3 Ke7 48. Kd3 Kd6 49. f3 Bb6 50. Nf1 e5 51. dxe5+ Kxe5 52. Ng3 Kf4 53.
Nh5+ Kxf3 54. Nxf6 Kg3 55. Nxd5 Bd8 56. Ke4 Kxh3 57. Kf5 Kh4 58. a4 bxa4 59.
bxa4 a5 60. Nc3 Bc7 61. Ne4 Bf4 62. Nc5 Bd2 1/2-1/2

[Event "NB II. Erkel csoport"]
[Site "Budapest"]
[Date "2024.05.12"]
[Round "9.9"]
[White "Szarvas, Nora"]
[Black "Geher, Jozsef"]
[Result "0-1"]
[WhiteElo "1964"]
[BlackElo "1923"]
[PlyCount "58"]
[EventDate "2023.10.08"]
[EventType "team-tourn"]
[EventRounds "9"]
[EventCountry "HUN"]
[Source "chess.hu"]
[WhiteTeam "TFSE"]
[BlackTeam "HUSI SC"]
[WhiteTeamCountry "HUN"]
[BlackTeamCountry "HUN"]

1. e4 d6 2. d4 Nf6 3. Nc3 g6 4. Nf3 Bg7 5. Bg5 O-O 6. Qd2 c6 7. O-O-O b5 8. Bd3
b4 9. Na4 Qa5 10. b3 Nbd7 11. Kb1 c5 12. Rhe1 cxd4 13. Nxd4 Nc5 14. Nb2 Nxd3
15. Nxd3 Bb7 16. Bxf6 Bxf6 17. Nxb4 Qc5 18. a4 a5 19. Na2 Rfc8 20. c3 Rab8 21.
Nb5 Ba6 22. c4 Bxb5 23. axb5 a4 24. Nb4 axb3 25. Na6 Qe5 26. Qd4 Qxd4 27. Rxd4
Bxd4 28. Nxb8 Rxb8 29. f3 Ra8 0-1

[Event "NB II. Erkel csoport"]
[Site "Budapest"]
[Date "2024.05.12"]
[Round "9.10"]
[White "Kiss, Jozsef"]
[Black "Janosi, Bence"]
[Result "0-1"]
[WhiteElo "1914"]
[BlackElo "1942"]
[PlyCount "100"]
[EventDate "2023.10.08"]
[EventType "team-tourn"]
[EventRounds "9"]
[EventCountry "HUN"]
[Source "chess.hu"]
[WhiteTeam "HUSI SC"]
[BlackTeam "TFSE"]
[WhiteTeamCountry "HUN"]
[BlackTeamCountry "HUN"]

1. e4 e6 2. f4 d5 3. e5 c5 4. c3 Nc6 5. Nf3 Nge7 6. Bd3 Ng6 7. g3 c4 8. Bc2 Qb6
9. d4 cxd3 10. Bxd3 a5 11. Na3 Bd7 12. Ng5 Be7 13. Qh5 Bxg5 14. Qxg5 Nce7 15.
h4 Nf5 16. Bxf5 exf5 17. Qh5 Qc6 18. O-O Qb6+ 19. Rf2 Ne7 20. Nc2 Nc6 21. Qd1
Be6 22. b3 O-O-O 23. Be3 Qa6 24. Qe2 Qxe2 25. Rxe2 Kc7 26. Na3 b6 27. Nb5+ Kb7
28. Bd4 Ne7 29. Rb2 Nc8 30. a4 Bd7 31. Na3 Ka6 32. Nc2 Ne7 33. b4 Rb8 34. Kf2
Rhc8 35. Ne1 axb4 36. Rxb4 Nc6 37. Rb5 Nxd4 38. Rxd5 Nb3 39. Ra3 Be6 40. Rd6
Na5 41. Rd3 Rd8 42. Ra1 Bc4 43. Rd4 Nb3 44. Rxd8 Rxd8 45. Ra3 Rd2+ 46. Kf3 Nc5
47. Ra1 Ne4 48. Ke3 Re2+ 49. Kd4 Nd2 50. Rd1 Re4# 0-1